[Event "Ibague op"]
[Site "Ibague"]
[Date "2022.10.08"]
[Round "7"]
[White "Rios, Cristhian Camilo"]
[Black "Garcia Andrada, Heidy Nicole"]
[Result "1-0"]
[WhiteElo "2434"]
[BlackElo "2011"]
[PlyCount "107"]
[EventDate "2022.10.05"]
[EventType "swiss"]
[EventRounds "10"]
[EventCountry "COL"]
[SourceTitle "CBM 210 Extra"]
[Source "ChessBase"]
[SourceDate "2022.11.30"]
[SourceVersion "1"]
[SourceVersionDate "2022.11.30"]
[SourceQuality "1"]

1. d4 f5 2. e4 fxe4 3. Nc3 Nf6 4. Bg5 e6 5. Nxe4 Be7 6. Bxf6 Bxf6 7. Nf3 b6 8. Bd3 Bb7 9. Qe2 Nc6 10. c3 Qe7 11. 0-0 0-0 12. Ng3 g6 13. Ba6 Bxa6 14. Qxa6 d6 15. Rfe1 Qd7 16. Rad1 Rae8 17. Qc4 Na5 18. Qd3 Nc6 19. Qc4 Na5 20. Qe2 Nc6 21. Ne5 Nxe5 22. dxe5 Bg7 23. exd6 cxd6 24. Ne4 d5 25. Ng5 e5 26. c4 Qf5 27. Nf3 e4 28. Rxd5 Qf6 29. Nd4 Bh6 30. b3 e3 31. f3 Qh4 32. g3 Qf6 33. f4 Re4 34. Nc2 Qb2 35. Nd4 Qc3 36. Rd1 Bg7 37. Nf3 Rfe8 38. R5d3 Qb2 39. Kf1 Qa3 40. Rd8 h6 41. Kg2 Qe7 42. R8d7 Qa3 43. Rd8 Qe7 44. Rxe8+ Qxe8 45. Rd3 Bf6 46. Ne1 b5 47. cxb5 Bd8 48. a4 Ba5 49. Nf3 Bc7 50. Rd4 Re7 51. Rc4 Bd6 52. Rc6 Re6 53. Ne5 Kg7 54. Qxe3 1-0

[Event "Pan American-ch U20 Girls"]
[Site "Pereira"]
[Date "2022.08.26"]
[Round "7"]
[White "Garcia Andrada, Heidy Nicole"]
[Black "Hilario Huaranca, Aleyla Karen"]
[Result "0-1"]
[WhiteElo "2002"]
[BlackElo "1899"]
[PlyCount "98"]
[EventDate "2022.08.23"]
[EventType "swiss"]
[EventRounds "9"]
[EventCountry "COL"]
[SourceTitle "CBM 210 Extra"]
[Source "ChessBase"]
[SourceDate "2022.11.30"]
[SourceVersion "1"]
[SourceVersionDate "2022.11.30"]
[SourceQuality "1"]

1. b3 e5 2. Bb2 Nc6 3. e3 Nf6 4. Ne2 d5 5. d3 Be6 6. h3 a6 7. Nd2 Bc5 8. a3 d4 9. e4 Nd7 10. g3 Be7 11. f4 f6 12. Bg2 0-0 13. 0-0 Na7 14. Nf3 c5 15. f5 Bf7 16. g4 b5 17. Bc1 c4 18. Bd2 Rc8 19. h4 Qc7 20. Ne1 Nc5 21. Rb1 a5 22. b4 axb4 23. Bxb4 cxd3 24. cxd3 Na4 25. Qd2 Nc3 26. Rb2 Bxb4 27. axb4 Nxe2+ 28. Qxe2 Qe7 29. Nf3 Rc3 30. Rfb1 Rfc8 31. Ne1 R8c7 32. Qd2 Nc8 33. Bf3 Nb6 34. Ra1 Ra7 35. Ra5 Na4 36. Rb1 Rxa5 37. bxa5 b4 38. Ra1 Qd7 39. Nc2 b3 40. Na3 b2 41. Rb1 Rxa3 42. Bd1 Ra1 43. Qc2 Nc3 44. Rxb2 Rxd1+ 45. Kh2 Qc8 46. g5 Ra1 47. gxf6 gxf6 48. h5 Kh8 49. Qf2 Qg8 0-1

[Event "Pan American-ch U20 Girls"]
[Site "Pereira"]
[Date "2022.08.24"]
[Round "4"]
[White "Diaz Charpentier, Kristel Melissa"]
[Black "Garcia Andrada, Heidy Nicole"]
[Result "0-1"]
[WhiteElo "1989"]
[BlackElo "2002"]
[PlyCount "70"]
[EventDate "2022.08.23"]
[EventType "swiss"]
[EventRounds "9"]
[EventCountry "COL"]
[SourceTitle "CBM 210 Extra"]
[Source "ChessBase"]
[SourceDate "2022.11.30"]
[SourceVersion "1"]
[SourceVersionDate "2022.11.30"]
[SourceQuality "1"]

1. Nf3 c5 2. c4 e6 3. d4 cxd4 4. Nxd4 Qc7 5. b3 a6 6. Bb2 Nf6 7. e3 b6 8. Be2 Bb7 9. 0-0 Be7 10. Nc3 d6 11. Rc1 0-0 12. Bf3 Nbd7 13. Bxb7 Qxb7 14. Qe2 Nc5 15. Rfd1 Rfd8 16. f3 d5 17. cxd5 Nxd5 18. Nxd5 Rxd5 19. e4 Rd7 20. e5 Rad8 21. Ba1 g6 22. Kf1 Rd5 23. f4 a5 24. Bc3 Na6 25. Bb2 Bc5 26. Nf3 Nb4 27. g3 Nxa2 28. Ra1 Nb4 29. Kg2 Qd7 30. Rxd5 Qxd5 31. Kh3 h6 32. Bc3 Qd3 33. Qd2 Qf5+ 34. g4 Rxd2 35. gxf5 Rd3 0-1

[Event "Pan American-ch U18 Girls"]
[Site "Montevideo"]
[Date "2022.06.27"]
[Round "2"]
[White "Garcia Andrada, Heidy Nicole"]
[Black "Sanchez Tobar, Francisca Valentina"]
[Result "1-0"]
[WhiteElo "1968"]
[BlackElo "1847"]
[PlyCount "67"]
[EventDate "2022.06.26"]
[EventType "swiss"]
[EventRounds "9"]
[EventCountry "URU"]
[SourceTitle "EXT 2023"]
[Source "ChessBase"]
[SourceDate "2022.10.05"]
[SourceVersion "1"]
[SourceVersionDate "2022.10.05"]
[SourceQuality "1"]

1. e4 e5 2. Nf3 Nc6 3. Bc4 Bc5 4. c3 Nf6 5. d3 a6 6. 0-0 0-0 7. d4 exd4 8. cxd4 Be7 9. Nc3 d6 10. h3 h6 11. Re1 Kh8 12. b3 Nh7 13. Bb2 Na5 14. Bd3 f5 15. d5 b6 16. Nd4 f4 17. b4 Nb7 18. Nc6 Qd7 19. e5 Nd8 20. Qc2 Ng5 21. e6 Ndxe6 22. Nxe7 Qxe7 23. dxe6 Bb7 24. Kh2 f3 25. g3 Nxh3 26. Kxh3 Qg5 27. Kh2 Rf4 28. Rh1 Rg4 29. Ne4 Rh4+ 30. Kg1 Rxh1+ 31. Kxh1 Qh5+ 32. Kg1 Qh3 33. Bf1 Bxe4 34. Qxe4 1-0

[Event "South America-ch U18 Girls 17th"]
[Site "Guayaquil"]
[Date "2022.01.29"]
[Round "7"]
[White "Cruz Flores, Beatriz Milagros"]
[Black "Garcia Andrada, Heidy Nicole"]
[Result "0-1"]
[WhiteElo "1515"]
[BlackElo "1946"]
[PlyCount "72"]
[EventDate "2022.01.25"]
[EventType "swiss"]
[EventRounds "9"]
[EventCountry "ECU"]
[SourceTitle "CBM 206 Extra"]
[Source "ChessBase"]
[SourceDate "2022.03.31"]
[SourceVersion "1"]
[SourceVersionDate "2022.03.31"]
[SourceQuality "1"]

1. e4 c5 2. Nf3 Nc6 3. d4 cxd4 4. Nxd4 Qc7 5. c4 Qe5 6. Be3 Qxe4 7. Nc3 Qe5 8. Be2 e6 9. 0-0 Nf6 10. Re1 Be7 11. a3 0-0 12. b4 Qb8 13. Rc1 d6 14. b5 Ne5 15. f4 Ned7 16. Bf3 Qc7 17. Nce2 Nc5 18. Ng3 g6 19. Qe2 e5 20. fxe5 dxe5 21. Bh6 Re8 22. Qxe5 Qxe5 23. Rxe5 Nd3 24. Rxe7 Rxe7 25. Rd1 Re1+ 26. Rxe1 Nxe1 27. Be2 Bg4 28. Ne4 Nxe4 29. Bxg4 Rd8 30. Be3 Nd3 31. Bf3 Ndc5 32. Kf1 f5 33. h3 Kf7 34. g4 f4 35. Bxe4 Nxe4 36. Bg1 Nd2+ 0-1